[Event "Europa ch s-16 femenino"]
[Site "Herceg Novi  MNT"]
[Date "2008.09.24"]
[Round "9.9"]
[White "Iordanidou, Zoi"]
[Black "Manelidou, Maria"]
[Result "0-1"]
[WhiteElo "2060"]
[BlackElo "1975"]
[PlyCount "101"]
[EventDate "2008.09.15"]
[EventType "swiss"]
[EventRounds "9"]
[Source "lmi"]
[SourceDate "2008.09.15"]

1. e4 e5 2. Nf3 Nc6 3. Bc4 Bc5 4. c3 Nf6 5. d3 a6 6. O-O Ba7 7. h3 h6 8. Re1
O-O 9. Nbd2 d6 10. Bb3 Ne7 11. Nf1 Ng6 12. Ng3 Qe7 13. Nf5 Qe8 14. Nh2 Kh7 15.
Ng4 Ng8 16. Qf3 Be6 17. Be3 Qd7 18. Bxa7 Rxa7 19. g3 N6e7 20. Nxe7 Nxe7 21.
Bxe6 Qxe6 22. Kg2 f5 23. exf5 Nxf5 24. Qe4 Qg6 25. Ne3 Nxe3+ 26. Rxe3 Qxe4+ 27.
dxe4 a5 28. Rd1 a4 29. Rf3 Rxf3 30. Kxf3 Kg6 31. Ke3 Kf6 32. f4 exf4+ 33. gxf4
Ra5 34. Rg1 Rc5 35. Kd4 Rh5 36. Rg3 Rb5 37. Rg2 Rh5 38. Rg3 c6 39. Ke3 Rb5 40.
Rg2 Rc5 41. Kd4 Rh5 42. Rg3 Rh4 43. Ke3 Rh5 44. c4 g6 45. Kd4 Ra5 46. Kc3 Rh5
47. Kd4 Rh4 48. Ke3 g5 49. fxg5+ hxg5 50. Rf3+ Ke6 51. Rg3 0-1

[Event "Europa ch s-16 femenino"]
[Site "Herceg Novi  MNT"]
[Date "2008.09.24"]
[Round "9.10"]
[White "Stetsko, Lanita"]
[Black "Todorova, Kalina"]
[Result "1-0"]
[WhiteElo "2022"]
[BlackElo "1711"]
[PlyCount "81"]
[EventDate "2008.09.15"]
[EventType "swiss"]
[EventRounds "9"]
[Source "lmi"]
[SourceDate "2008.09.15"]

1. e4 c5 2. Nc3 e6 3. g3 Nc6 4. Bg2 Nge7 5. d3 a6 6. Be3 b6 7. f4 Bb7 8. Nf3 d5
9. Bf2 g6 10. e5 Bg7 11. d4 c4 12. a4 O-O 13. O-O Qd7 14. g4 Na5 15. Bh4 Bc6
16. Qe1 f5 17. exf6 Bxf6 18. Bxf6 Rxf6 19. Ne5 Qd6 20. Bh3 Rc8 21. Qh4 Rff8 22.
Rf3 Bd7 23. Raf1 Nac6 24. Ne2 Rce8 25. Qh6 b5 26. axb5 axb5 27. Bg2 Nd8 28. Rh3
Rf7 29. Nxf7 Nxf7 30. Qxh7+ Kf8 31. Ra3 b4 32. Re3 Bb5 33. c3 Ra8 34. Ng3 Ke8
35. f5 gxf5 36. gxf5 e5 37. f6 Nc6 38. Nf5 Qf8 39. Bxd5 Ra7 40. Qg7 Ra2 41.
Bxf7+ 1-0

[Event "Europa ch s-16 femenino"]
[Site "Herceg Novi  MNT"]
[Date "2008.09.24"]
[Round "9.11"]
[White "Grigorian, Marine"]
[Black "Krasiuk, Kateryna"]
[Result "1-0"]
[WhiteElo "2131"]
[BlackElo "1970"]
[PlyCount "99"]
[EventDate "2008.09.15"]
[EventType "swiss"]
[EventRounds "9"]
[Source "lmi"]
[SourceDate "2008.09.15"]

1. e4 e6 2. d3 d5 3. Qe2 Nf6 4. Nf3 Be7 5. g3 c5 6. Bg2 Nc6 7. O-O O-O 8. e5
Nd7 9. c4 d4 10. h4 h6 11. h5 a6 12. Bf4 b5 13. Nbd2 Bb7 14. b3 Rb8 15. Rfe1
bxc4 16. Nxc4 Na5 17. Ncd2 Nb6 18. Ne4 Nd5 19. Rac1 Qb6 20. Nfd2 Rfc8 21. Nf1
Nc6 22. Nfd2 Na5 23. Nf1 Nc6 24. Nfd2 Na5 25. Nb1 Nc6 26. Na3 Na5 27. Bd2 Nb4
28. Ra1 Bd5 29. f4 Nac6 30. Rf1 Qa5 31. Bc1 Qb6 32. Rb1 a5 33. Nc4 Qa7 34. g4
a4 35. Qf3 axb3 36. axb3 Bxe4 37. Qxe4 Nd5 38. Bd2 Qa2 39. Rb2 Qa7 40. f5 Nc3
41. Qf3 Qd7 42. f6 Bf8 43. g5 hxg5 44. Bxg5 Qc7 45. Qg3 Kh7 46. fxg7 Bxg7 47.
Bxc6 Qxc6 48. Rxf7 Rc7 49. Be7 Rg8 50. h6 1-0

[Event "Europa ch s-16 femenino"]
[Site "Herceg Novi  MNT"]
[Date "2008.09.24"]
[Round "9.12"]
[White "Lysenko, Maria"]
[Black "Papp, Petra"]
[Result "0-1"]
[WhiteElo "1915"]
[BlackElo "2118"]
[PlyCount "58"]
[EventDate "2008.09.15"]
[EventType "swiss"]
[EventRounds "9"]
[Source "lmi"]
[SourceDate "2008.09.15"]

1. d4 c5 2. e3 Nf6 3. Nf3 d5 4. b3 Nc6 5. Bb2 Bg4 6. Be2 e6 7. O-O Bd6 8. Nbd2
Qc7 9. h3 Bh5 10. c4 Rd8 11. Rc1 Qe7 12. Re1 Ne4 13. Qc2 Nb4 14. Qd1 Nxa2 15.
Ra1 Nac3 16. Qc1 Nxe2+ 17. Rxe2 Nxd2 18. Rxd2 Bxf3 19. gxf3 a6 20. cxd5 exd5
21. dxc5 Bxc5 22. Qd1 Qe6 23. e4 Qxh3 24. Rxd5 Rxd5 25. Qxd5 Qg3+ 26. Kh1 Qxf3+
27. Kh2 Qxf2+ 28. Kh3 O-O 29. Bxg7 Kxg7 0-1

[Event "Europa ch s-16 femenino"]
[Site "Herceg Novi  MNT"]
[Date "2008.09.24"]
[Round "9.15"]
[White "Thorsteinsdottir, Hallgerdur"]
[Black "Korniyuk, Mariya"]
[Result "1/2-1/2"]
[WhiteElo "1907"]
[BlackElo "2009"]
[PlyCount "36"]
[EventDate "2008.09.15"]
[EventType "swiss"]
[EventRounds "9"]
[Source "lmi"]
[SourceDate "2008.09.15"]

1. e4 e6 2. d4 d5 3. Nd2 Nf6 4. e5 Nfd7 5. Bd3 c5 6. c3 Nc6 7. Ne2 f6 8. exf6
Qxf6 9. Nf3 Bd6 10. Bg5 Qf7 11. O-O O-O 12. Bh4 h6 13. Bg3 Bxg3 14. hxg3 e5 15.
dxe5 Ndxe5 16. Nxe5 Nxe5 17. Nf4 Rd8 18. Be2 Bf5 1/2-1/2

[Event "Europa ch s-16 femenino"]
[Site "Herceg Novi  MNT"]
[Date "2008.09.24"]
[Round "9.16"]
[White "Hitter, Gabriella"]
[Black "Trapeznikova, Darya"]
[Result "1-0"]
[WhiteElo "2075"]
[BlackElo "1919"]
[PlyCount "83"]
[EventDate "2008.09.15"]
[EventType "swiss"]
[EventRounds "9"]
[Source "lmi"]
[SourceDate "2008.09.15"]

1. e4 e6 2. d4 d5 3. Nd2 Nf6 4. e5 Nfd7 5. Bd3 c5 6. c3 Nc6 7. Ne2 f6 8. Nf4
Qe7 9. Nf3 fxe5 10. Ng6 hxg6 11. Bxg6+ Kd8 12. Bg5 Nf6 13. dxe5 Kc7 14. Qd2 Qd7
15. exf6 gxf6 16. Bxf6 Rg8 17. Qg5 b6 18. h4 Be7 19. h5 Bxf6 20. Qxf6 Ba6 21.
Ng5 Kb7 22. h6 Ne7 23. Bf7 Rh8 24. O-O-O Bc4 25. Bxe6 Qc7 26. b3 Bb5 27. Nf7
Rh7 28. Ng5 Rhh8 29. h7 d4 30. c4 Bc6 31. Nf7 Raf8 32. Qg5 Be4 33. Nxh8 Rxh8
34. Rh4 Bg6 35. Rdh1 Qd8 36. Bd5+ Ka6 37. g4 Qf8 38. f4 Be8 39. Re1 Ng6 40. Rh6
Qxf4+ 41. Qxf4 Nxf4 42. Rxe8 1-0

[Event "Europa ch s-16 femenino"]
[Site "Herceg Novi  MNT"]
[Date "2008.09.24"]
[Round "9.17"]
[White "Zakoscielna, Kinga"]
[Black "Haug, Marianne Wold"]
[Result "1/2-1/2"]
[WhiteElo "2125"]
[BlackElo "1881"]
[PlyCount "95"]
[EventDate "2008.09.15"]
[EventType "swiss"]
[EventRounds "9"]
[Source "lmi"]
[SourceDate "2008.09.15"]

1. e4 c5 2. Nf3 g6 3. d4 cxd4 4. Nxd4 Nc6 5. Be3 Nf6 6. Nc3 Bg7 7. Bc4 O-O 8.
Bb3 a5 9. f3 d5 10. Bxd5 Nxd5 11. Nxd5 f5 12. Nxc6 bxc6 13. Nb6 Rb8 14. Qxd8
Rxd8 15. c3 fxe4 16. fxe4 Ba6 17. Rg1 Bd3 18. O-O-O Bxe4 19. Nd7 Ra8 20. g4 Bd5
21. Nb6 Rab8 22. c4 Be6 23. g5 Be5 24. Rxd8+ Rxd8 25. h4 Bd4 26. Re1 Kf7 27. b3
Bxe3+ 28. Rxe3 Rd4 29. a4 Rxh4 30. Re5 Rh1+ 31. Kb2 h5 32. gxh6 Kf6 33. Rxa5 g5
34. Rc5 g4 35. Rxc6 g3 36. Nd5+ Ke5 37. Ne3 Rxh6 38. a5 Rh2+ 39. Ka3 Re2 40. a6
Rxe3 41. a7 Re1 42. Kb4 Ra1 43. Rc5+ Kd6 44. Ra5 Rxa5 45. Kxa5 g2 46. a8=Q g1=Q
47. Qb8+ Kd7 48. Qb5+ 1/2-1/2

[Event "Europa ch s-16 femenino"]
[Site "Herceg Novi  MNT"]
[Date "2008.09.24"]
[Round "9.18"]
[White "Homiakova, Elena"]
[Black "Penne, Bo"]
[Result "1-0"]
[WhiteElo "2078"]
[BlackElo "1881"]
[PlyCount "65"]
[EventDate "2008.09.15"]
[EventType "swiss"]
[EventRounds "9"]
[Source "lmi"]
[SourceDate "2008.09.15"]

1. e4 c6 2. c4 d5 3. exd5 cxd5 4. cxd5 Nf6 5. Nc3 Nxd5 6. Nf3 e6 7. d4 Be7 8.
Bd3 Nc6 9. a3 O-O 10. O-O Bf6 11. Bc2 Nce7 12. Ne4 b6 13. Nfg5 Ng6 14. Nxf6+
Nxf6 15. Ne4 Nd5 16. Bg5 f6 17. Bd2 Bb7 18. Re1 Rc8 19. Bb3 Re8 20. Nc3 Nc7 21.
Qg4 Qd6 22. Ne4 Qd7 23. Bb4 a5 24. Bc3 Bd5 25. Qd1 Ne7 26. Bc2 Nb5 27. Re3 Nf5
28. Rh3 Qb7 29. Qg4 Rf8 30. Re1 Nfxd4 31. Bxd4 f5 32. Qh4 Nxd4 33. Qxh7+ 1-0

[Event "Europa ch s-16 femenino"]
[Site "Herceg Novi  MNT"]
[Date "2008.09.24"]
[Round "9.19"]
[White "Forgues, Valerie"]
[Black "Arce Calva, Elvira"]
[Result "1/2-1/2"]
[WhiteElo "1999"]
[BlackElo "1876"]
[PlyCount "90"]
[EventDate "2008.09.15"]
[EventType "swiss"]
[EventRounds "9"]
[Source "lmi"]
[SourceDate "2008.09.15"]

1. e4 d5 2. exd5 Qxd5 3. Nc3 Qa5 4. d4 c6 5. Nf3 Nf6 6. Bd2 Qb6 7. Na4 Qc7 8.
Bd3 Bg4 9. h3 Bh5 10. c4 e6 11. Qe2 Be7 12. Qe3 Nbd7 13. Bc3 O-O 14. O-O Rfd8
15. Ne5 Nxe5 16. dxe5 Nd7 17. b3 Nb6 18. Ba5 c5 19. Nc3 Rac8 20. Nb5 Qb8 21. f4
Bg6 22. Be2 h5 23. Rad1 h4 24. Rxd8+ Rxd8 25. Rd1 Rd7 26. Kh2 Rxd1 27. Bxd1 Qd8
28. Bf3 a6 29. Nc3 Qd4 30. Nd1 Nd7 31. Bc3 Qxe3 32. Nxe3 b6 33. Bc6 Nb8 34. Bb7
a5 35. Nf1 Bb1 36. a3 Bc2 37. Nd2 Kf8 38. Be4 Bd1 39. Bf3 Bc2 40. Be4 Bd1 41.
g4 hxg3+ 42. Kxg3 a4 43. bxa4 Bxa4 44. Kf2 Nc6 45. Nf3 Bd8 1/2-1/2

[Event "Europa ch s-16 femenino"]
[Site "Herceg Novi  MNT"]
[Date "2008.09.24"]
[Round "9.20"]
[White "Frey, Alisa"]
[Black "Trubitsyna, Yulia"]
[Result "1-0"]
[WhiteElo "1939"]
[BlackElo "1872"]
[PlyCount "43"]
[EventDate "2008.09.15"]
[EventType "swiss"]
[EventRounds "9"]
[Source "lmi"]
[SourceDate "2008.09.15"]

1. e4 d6 2. d4 Nf6 3. Nc3 g6 4. f4 Bg7 5. Nf3 c5 6. Bb5+ Bd7 7. e5 Ng4 8. Bxd7+
Qxd7 9. d5 dxe5 10. h3 e4 11. hxg4 exf3 12. Qxf3 Na6 13. Bd2 Rb8 14. O-O-O b5
15. f5 b4 16. Ne4 Rb6 17. d6 Bd4 18. dxe7 Qa4 19. Kb1 g5 20. Bxg5 Rb8 21. Nd6+
Kd7 22. Nxf7 1-0

[Event "Europa ch s-16 femenino"]
[Site "Herceg Novi  MNT"]
[Date "2008.09.24"]
[Round "9.21"]
[White "Messina, Roberta"]
[Black "Bauer, Marie-Christine"]
[Result "1-0"]
[WhiteElo "1904"]
[BlackElo "1707"]
[PlyCount "85"]
[EventDate "2008.09.15"]
[EventType "swiss"]
[EventRounds "9"]
[Source "lmi"]
[SourceDate "2008.09.15"]

1. e4 c5 2. Nc3 Nc6 3. f4 g6 4. Nf3 Bg7 5. Bc4 e6 6. O-O Nge7 7. Qe1 O-O 8. e5
d6 9. exd6 Qxd6 10. Ne4 Qc7 11. d3 Nf5 12. Bb3 Ncd4 13. Rb1 b5 14. Qf2 Bb7 15.
c3 Nxf3+ 16. Qxf3 c4 17. Bc2 Rfd8 18. d4 Nh4 19. Qh3 Qc6 20. Qxh4 f5 21. Re1
Rab8 22. Qg5 fxe4 23. Bxe4 Qd7 24. Bxb7 Rxb7 25. Bd2 b4 26. Re4 bxc3 27. Bxc3
Rb5 28. Qg4 Rf8 29. Rbe1 Rbf5 30. g3 Rd5 31. Rd1 Rd8 32. Qe2 Qa4 33. Rxe6 Qd7
34. Re4 a5 35. Qxc4 Rc8 36. Qe2 a4 37. a3 Rd8 38. Re7 Qf5 39. Re8+ Rxe8 40.
Qxe8+ Bf8 41. Qxa4 Qg4 42. Re1 Rh5 43. Qc4+ 1-0

[Event "Europa ch s-16 femenino"]
[Site "Herceg Novi  MNT"]
[Date "2008.09.24"]
[Round "9.25"]
[White "Narva, Ann"]
[Black "Goossens, Hanne"]
[Result "0-1"]
[WhiteElo "1647"]
[BlackElo "1941"]
[PlyCount "86"]
[EventDate "2008.09.15"]
[EventType "swiss"]
[EventRounds "9"]
[Source "lmi"]
[SourceDate "2008.09.15"]

1. e4 c5 2. Nf3 d6 3. d4 cxd4 4. Nxd4 Nf6 5. Nc3 g6 6. g3 Bg4 7. f3 Bd7 8. Bg2
Bg7 9. Rb1 O-O 10. Be3 Nc6 11. Nde2 a6 12. O-O b5 13. a3 Rc8 14. h3 Ne5 15. Nd5
Nxd5 16. exd5 Qc7 17. c3 Nc4 18. Bc1 Bf5 19. Ra1 Qa7+ 20. Kh2 Ne3 21. Bxe3 Qxe3
22. f4 Qb6 23. Qd2 a5 24. Rac1 Rc7 25. Rfd1 Rfc8 26. g4 Bd7 27. Ng3 Kf8 28. Re1
b4 29. axb4 axb4 30. c4 Ba4 31. Qe2 Bb3 32. Bf1 Bxc4 33. Qd2 Bxf1 34. Rxc7 Rxc7
35. Nxf1 b3 36. Ne3 Bd4 37. Kg3 Bf6 38. g5 Bg7 39. f5 Be5+ 40. Kf3 gxf5 41.
Nxf5 Rc2 42. Rc1 Qc5 43. Ra1 Qc8 0-1

[Event "Europa ch s-16 femenino"]
[Site "Herceg Novi  MNT"]
[Date "2008.09.24"]
[Round "9.26"]
[White "Zalimaite, Ieva"]
[Black "Vericeanu, Ilinca"]
[Result "1-0"]
[WhiteElo "1844"]
[BlackElo "1811"]
[PlyCount "81"]
[EventDate "2008.09.15"]
[EventType "swiss"]
[EventRounds "9"]
[Source "lmi"]
[SourceDate "2008.09.15"]

1. c4 e5 2. g3 g6 3. Bg2 Bg7 4. Nc3 Nc6 5. e3 d6 6. Nge2 Be6 7. d3 Qd7 8. Nd5
Bf5 9. Rb1 Nge7 10. Nec3 Rb8 11. O-O h5 12. h4 Nxd5 13. Nxd5 Ne7 14. Nxe7 Qxe7
15. Qa4+ c6 16. Qxa7 O-O 17. Qa3 Qc7 18. e4 Be6 19. Qc3 b5 20. b4 bxc4 21. dxc4
Qa7 22. Qc2 Qa6 23. Rd1 Rfd8 24. Bf1 Qa8 25. b5 cxb5 26. cxb5 Rbc8 27. Qe2 Bc4
28. Qf3 Qxa2 29. Be3 Be6 30. Ra1 Qc2 31. Rdc1 Bg4 32. Qg2 Qb2 33. Rcb1 Qc2 34.
b6 Ra8 35. f3 Qc3 36. Rxa8 Qxe3+ 37. Qf2 Qxf2+ 38. Kxf2 Rxa8 39. fxg4 hxg4 40.
b7 Rb8 41. Bc4 1-0

[Event "Europa ch s-16 femenino"]
[Site "Herceg Novi  MNT"]
[Date "2008.09.24"]
[Round "9.27"]
[White "Johannsdottir, Johanna Bjorg"]
[Black "Pavelkova, Michaela"]
[Result "1/2-1/2"]
[WhiteElo "1655"]
[BlackElo "1886"]
[PlyCount "44"]
[EventDate "2008.09.15"]
[EventType "swiss"]
[EventRounds "9"]
[Source "lmi"]
[SourceDate "2008.09.15"]

1. e4 c5 2. c3 d5 3. exd5 Qxd5 4. d4 e6 5. Nf3 Nf6 6. Na3 Be7 7. Be3 cxd4 8.
Nb5 Bd8 9. Qxd4 O-O 10. Bc4 Qh5 11. O-O-O Nc6 12. Qc5 Bb6 13. Qxh5 Bxe3+ 14.
fxe3 Nxh5 15. g4 Nf6 16. g5 Ng4 17. Rhe1 Nf2 18. Rd2 Ne4 19. Rd3 Nf2 20. Rd2
Ne4 21. Rd3 Nf2 22. Rd2 Ne4 1/2-1/2

[Event "Europa ch s-16 femenino"]
[Site "Herceg Novi  MNT"]
[Date "2008.09.24"]
[Round "9.34"]
[White "Ignat, Xenia"]
[Black "Motycakova, Monika"]
[Result "0-1"]
[WhiteElo "1748"]
[BlackElo "1948"]
[PlyCount "52"]
[EventDate "2008.09.15"]
[EventType "swiss"]
[EventRounds "9"]
[Source "lmi"]
[SourceDate "2008.09.15"]

1. d4 d5 2. Nf3 Nf6 3. e3 c5 4. c3 Qc7 5. Bd3 g6 6. Nbd2 Bg7 7. O-O Nbd7 8. Re1
O-O 9. Bc2 e5 10. dxe5 Nxe5 11. Nxe5 Qxe5 12. Nf3 Qc7 13. h3 Re8 14. Rb1 Bd7
15. Bb3 Bc6 16. c4 dxc4 17. Bxc4 b5 18. Be2 Rad8 19. Qb3 c4 20. Qa3 a5 21. b4
Be4 22. Ra1 axb4 23. Qa6 Nd5 24. Nd4 Qc5 25. a4 Ra8 26. Qb7 Nb6 0-1

[Event "Europa ch s-16 femenino"]
[Site "Herceg Novi  MNT"]
[Date "2008.09.24"]
[Round "9.35"]
[White "Uusitupa, Erika"]
[Black "Asan, Elvan"]
[Result "1/2-1/2"]
[WhiteElo "1696"]
[BlackElo "1874"]
[PlyCount "20"]
[EventDate "2008.09.15"]
[EventType "swiss"]
[EventRounds "9"]
[Source "lmi"]
[SourceDate "2008.09.15"]

1. e4 e5 2. Nf3 Nc6 3. d4 exd4 4. Nxd4 Qf6 5. Be3 Bc5 6. c3 Nge7 7. Bc4 Bb6 8.
O-O O-O 9. Na3 d6 10. Ndb5 a6 1/2-1/2